| 000 | 005250000a22001810004500 | ||
|---|---|---|---|
| 003 | MACL | ||
| 005 | 20160223134715.0 | ||
| 008 | 160223b xxu||||| |||| 00| 0 eng d | ||
| 040 |
_aMACL _cMACL |
||
| 041 | _aHindi | ||
| 082 | _a641 | ||
| 100 |
_aगुप्त वैधराज श्री अत्रिदेव _939665 |
||
| 245 | _aशिशु-पालन | ||
| 260 |
_bगंगा-ग्रंथागार _aलखनउ |
||
| 350 | _a4 | ||
| 650 |
_aHome Economics _939666 |
||
| 942 |
_cHIN _k641 _2ddc |
||
| 999 |
_c23801 _d23801 |
||